<?xml version="1.0" encoding="UTF-8"?>
<record
    xmlns:xsi="http://www.w3.org/2001/XMLSchema-instance"
    xsi:schemaLocation="http://www.loc.gov/MARC21/slim http://www.loc.gov/standards/marcxml/schema/MARC21slim.xsd"
    xmlns="http://www.loc.gov/MARC21/slim">

  <leader>00602nam a22002057a 4500</leader>
  <controlfield tag="005">20230714085328.0</controlfield>
  <controlfield tag="008">230713b           ||||| |||| 00| 0 eng d</controlfield>
  <datafield tag="020" ind1=" " ind2=" ">
    <subfield code="a">9788189301927</subfield>
  </datafield>
  <datafield tag="040" ind1=" " ind2=" ">
    <subfield code="c">AL</subfield>
  </datafield>
  <datafield tag="041" ind1=" " ind2=" ">
    <subfield code="a">English</subfield>
  </datafield>
  <datafield tag="082" ind1=" " ind2=" ">
    <subfield code="2">23</subfield>
    <subfield code="a">658.02</subfield>
    <subfield code="b">SHIT</subfield>
  </datafield>
  <datafield tag="100" ind1=" " ind2=" ">
    <subfield code="a">SHIVANI M</subfield>
    <subfield code="9">126814</subfield>
  </datafield>
  <datafield tag="245" ind1=" " ind2=" ">
    <subfield code="a">Truemans specific series NTA UGC NET/SET: Management</subfield>
  </datafield>
  <datafield tag="260" ind1=" " ind2=" ">
    <subfield code="a">New Delhi</subfield>
    <subfield code="b">Danika Publishing Company</subfield>
    <subfield code="c">2024</subfield>
  </datafield>
  <datafield tag="300" ind1=" " ind2=" ">
    <subfield code="a">vii,1128p</subfield>
    <subfield code="b">PB</subfield>
    <subfield code="c">24x18 cm.</subfield>
  </datafield>
  <datafield tag="365" ind1=" " ind2=" ">
    <subfield code="a">2431</subfield>
    <subfield code="b">&#x20B9;680</subfield>
    <subfield code="c">&#x20B9;</subfield>
    <subfield code="d"> &#x20B9;850.00</subfield>
    <subfield code="e">20%</subfield>
    <subfield code="f">10/07/2023</subfield>
  </datafield>
  <datafield tag="650" ind1=" " ind2=" ">
    <subfield code="a">Entrance Exams</subfield>
    <subfield code="9">126593</subfield>
  </datafield>
  <datafield tag="760" ind1=" " ind2=" ">
    <subfield code="b">SHIVANI (M)</subfield>
  </datafield>
  <datafield tag="942" ind1=" " ind2=" ">
    <subfield code="2">ddc</subfield>
    <subfield code="c">BK</subfield>
  </datafield>
  <datafield tag="999" ind1=" " ind2=" ">
    <subfield code="c">227823</subfield>
    <subfield code="d">227823</subfield>
  </datafield>
  <datafield tag="952" ind1=" " ind2=" ">
    <subfield code="0">0</subfield>
    <subfield code="1">0</subfield>
    <subfield code="2">ddc</subfield>
    <subfield code="4">0</subfield>
    <subfield code="7">0</subfield>
    <subfield code="8">COM</subfield>
    <subfield code="a">AL</subfield>
    <subfield code="b">AL</subfield>
    <subfield code="d">2023-07-12</subfield>
    <subfield code="e">Biblios Book Point Surathkal Mangalore 575014</subfield>
    <subfield code="g">680.00</subfield>
    <subfield code="l">0</subfield>
    <subfield code="o">658.02 SHIT</subfield>
    <subfield code="p">076565</subfield>
    <subfield code="r">2023-07-13 00:00:00</subfield>
    <subfield code="v">850.00</subfield>
    <subfield code="w">2023-10-07</subfield>
    <subfield code="y">BK</subfield>
  </datafield>
</record>
